STRUGGLE FOR FREEDOM (4/4) (Record no. 379839)

MARC details
000 -LEADER
fixed length control field 00403nam a2200157Ia 4500
008 - FIXED-LENGTH DATA ELEMENTS--GENERAL INFORMATION
fixed length control field 100122s9999 xx 000 0 und d
082 ## - DEWEY DECIMAL CLASSIFICATION NUMBER
Item number 65090
Classification number 954.04
100 ## - MAIN ENTRY--PERSONAL NAME
Personal name MAJUMDAR R C
245 ## - TITLE STATEMENT
Title STRUGGLE FOR FREEDOM (4/4)
250 ## - EDITION STATEMENT
Edition statement 0
260 ## - PUBLICATION, DISTRIBUTION, ETC. (IMPRINT)
Name of publisher, distributor, etc BHARATIYA VIDYA BHAVAN
Date of publication, distribution, etc 2003
300 ## - PHYSICAL DESCRIPTION
Extent 1144
630 ## - SUBJECT ADDED ENTRY--UNIFORM TITLE
Uniform title STRUGGLE FOR FREEDOM (4/4)
730 ## - ADDED ENTRY--UNIFORM TITLE
Uniform title STRUGGLE FOR FREEDOM (4/4)
942 ## - ADDED ENTRY ELEMENTS (KOHA)
Koha item type Book
Holdings
Withdrawn status Lost status Damaged status Not for loan Home library Current library Shelving location Date acquired Cost, normal purchase price Total Checkouts Full call number Barcode Date last seen Cost, replacement price Price effective from Koha item type Public note
        S.V. Pathak Library, Vile Parle S.V. Pathak Library, Vile Parle   03/31/2008 525.00   65090 SVPPARLE-65090 01/25/2010 525.00 01/25/2010 Book ", , General, NA"